| 000 | 00613nam a2200205 a 4500 | ||
|---|---|---|---|
| 001 | 000047440 | ||
| 003 | DO-SdBNP | ||
| 005 | 20221121132109.0 | ||
| 007 | ta | ||
| 008 | 180529s2017 dr 000 spa d | ||
| 020 | _a9789945590685 | ||
| 040 |
_aDO-SdBNP _bspa _cBNPHU |
||
| 082 | 4 |
_bB320f _222 |
|
| 100 | 1 |
_aBatista Polo, Esmirna _975075 |
|
| 245 | 1 | 0 |
_aFeminicidios en República Dominicana durante el año 2016. / _cEsmirna Batista Polo. |
| 260 |
_aSanto Domingo : _bFundación Global Democracia y Desarrollo, _c2017. |
||
| 300 |
_a74 p. ; _c24 cm. |
||
| 590 | _aInventariado, 2018/DG | ||
| 942 |
_2ddc _cLBS1 |
||
| 999 |
_c46928 _d46928 |
||